000 00551nam a22001817a 4500
005 20240415154549.0
010 _aENG-140164
020 _c179.00
_a9789356180918
035 _aEN-123696
037 _bDBAD
082 _a530
100 _aKhetan Shikhar
_964738
245 _aUPPSC-UP PCS Uttar Pradesh A Comprehensive Study/
_cKhetan Shikhar
260 _aNew Delhi
_bRachna Sagar Pvt. Ltd.
_c2022
270 _a4583/15, Daraganj, New Delhi
_bNew Delhi
_e110002
300 _a168p.
_c28cm(pb)
942 _2ddc
_cEN
_mKHE
_h530
999 _c202183
_d202183